Las nubes
Tallennettuna:
| Päätekijä: | |
|---|---|
| Aineistotyyppi: | Kirja |
| Kieli: | espanja |
| Julkaistu: |
Santiago
Universitaria
1956
|
| Sarja: | Colección América Nuestra
|
| Aiheet: | |
| Tagit: |
Lisää tagi
Ei tageja, Lisää ensimmäinen tagi!
|
MARC
| LEADER | 00000cam a2200000 a 4500 | ||
|---|---|---|---|
| 001 | UCZ7704 | ||
| 003 | CL-VaPUC | ||
| 008 | 960109e19560000CL |||||||||||||||||spa|d | ||
| 082 | 0 | 4 | |a Ve864 |b USL |2 21 |
| 100 | 0 | |a Uslar-Pietri, Arturo |e author |9 352698 | |
| 245 | 1 | 4 | |a Las nubes |
| 300 | |a 208 p | ||
| 942 | |c BK | ||
| 945 | |d 19960109 00:00:00 |a rleighto | ||
| 260 | |a Santiago |b Universitaria |c 1956 | ||
| 650 | 0 | |a Ensayos venezolanos |9 437013 | |
| 583 | |a last modification |c 20141111 01:48:27 |k Rodrigo Vera | ||
| 490 | 0 | |a Colección América Nuestra | |
| 999 | |c 243743 |d 243741 | ||
| 952 | |0 0 |1 0 |4 0 |6 VE_864_000000000000000_USL_1956 |7 0 |8 P |9 257530 |a BIBEDU |b BIBEDU |d 2019-11-19 |i 3167623 |o Ve864 USL 1956 |p 3167623 |r 2019-11-19 |w 2019-11-19 |y BK |k EDU | ||
| 952 | |0 0 |1 0 |4 0 |6 VE_864_000000000000000_USL_1956 |7 0 |8 A |9 257531 |a BIBHIS |b BIBHIS |d 2019-11-19 |i 1362070 |o Ve864 USL 1956 |p 1362070 |r 2025-01-20 |w 2019-11-19 |y BK |k HIS | ||
| 952 | |0 0 |1 0 |4 0 |6 VE_864_000000000000000_USL_1956 |7 0 |8 A |9 257532 |a BIBHIS |b BIBHIS |d 2019-11-19 |i 4589602 |o Ve864 USL 1956 |p 4589602 |r 2025-01-20 |w 2019-11-19 |y BK |k HIS | ||
| 952 | |0 0 |1 0 |3 erb |4 0 |6 VE_864_000000000000000_USL_1956 |7 0 |8 X |9 257533 |a FDOBUD |b FDOBUD |i 5107261 |o Ve864 USL 1956 |p 5107261 |r 2019-11-19 |w 2019-11-19 |y BK_X |z Catalogado en:20141113 |k BUD | ||